000 00549nam a2200205Ia 4500
003 OSt
005 20250225135945.0
008 210210b1970 xxu||||| |||| 00| 0 eng d
040 _cAL
041 _ahin
082 _aH891.1 GUPG
100 _aGUPT (Shrimaithilisaran):
_9202629
110 _bगुप्त श्रीमैथिलीशरण
_9202630
245 _aGurukul:
_bगुरुकुल
260 _aChirganv
_bSahity Sadhan
_c1970
300 _a138
690 _aHindi Poetry
_9202631
906 _a028089
942 _2ddc
_cBK
999 _c79350
_d79350